| 000 | 01177nam0a22002531 4500 | ||
|---|---|---|---|
| 001 | rc\983374 | ||
| 005 | 20041129101249.3 | ||
| 035 | _a(NLR Aleph) 006151179 | ||
| 090 |
_a5763981 _c5763981 |
||
| 100 | _a20041129d1981 u |0rusy50 ca | ||
| 101 | 0 | _arus | |
| 102 | _aRU | ||
| 105 | _ay ||||||||| | ||
| 200 | 1 |
_aАктуальные проблемы социалистической культуры _eМатериалы всесоюз. науч. конф., Ташкент, нояб. 1980 г. _f[Редкол.: К.Х. Ханазаров (отв. ред.) и др.] |
|
| 210 |
_aТашкент _cФан _d1981 |
||
| 215 |
_a219 с. _d21 |
||
| 300 | _aВ надзаг.: Ин-т философии АН СССР, Ин-т философии и права им. И.М. Муминова АН УзССР, Филос. о-во СССР, Узб. отд-ние Филос. о-ва СССР и др. | ||
| 702 | 1 |
_aХаназаров _bК. Х. _gКучкар Ханазарович _4340 |
|
| 712 | 0 | 2 |
_aИнститут философии _cМосква _3RU\NLR\AUTH\889955071 |
| 801 | 0 |
_aRU _bNLR _gpsbo |
|
| 801 | 1 |
_aRU _bELAR _2rusmarc |
|
| 852 |
_aNLR _j81-5/3677 |
||
| 942 | _cBOOK | ||
| 980 | _aNB | ||